[Event "Rome Primavera Accademia op"]
[Site "Rome"]
[Date "2007.05.13"]
[Round "4"]
[White "Ottaviani, Gianluca"]
[Black "Proia, Gaetano"]
[Result "1-0"]
[WhiteElo "1963"]
[BlackElo "1865"]
[PlyCount "52"]
[EventDate "2007.05.11"]
[EventType "swiss"]
[EventRounds "5"]
[EventCountry "ITA"]
[SourceTitle "EXT 2010"]
[Source "ChessBase"]
[SourceDate "2010.11.25"]
[SourceVersion "1"]
[SourceVersionDate "2010.11.25"]
[SourceQuality "1"]

1. d4 Nf6 2. Nf3 g6 3. Bg5 Bg7 4. Nbd2 d6 5. e4 c6 6. Bd3 Qc7 7. 0-0 0-0 8. Re1 e5 9. c3 Bg4 10. a4 a5 11. h3 Bxf3 12. Qxf3 Nbd7 13. Nc4 Rfe8 14. dxe5 dxe5 15. Rad1 h6 16. Be3 b6 17. Bf1 Bf8 18. Rd2 Kg7 19. Red1 Nc5 20. Bxh6+ Kxh6 21. Qxf6 Kh7 22. Rd7 Nxd7 23. Qxf7+ Kh6 24. Rxd7 Qc8 25. Qh7+ Kg5 26. h4+ Kg4 1-0